Fields of blood (Record no. 29006)
[ view plain ]
| 000 -LEADER | |
|---|---|
| fixed length control field | 01312nam a2200325Ia 4500 |
| 100 1# - MAIN ENTRY--AUTHOR NAME | |
| Personal name | Shea, William L. |
| 245 10 - TITLE STATEMENT | |
| Title | Fields of blood |
| 260 ## - PUBLICATION, DISTRIBUTION, ETC. (IMPRINT) | |
| Place of publication | Chapel Hill : |
| Name of publisher | University of North Carolina Press, |
| Year of publication | c2009. |
| 300 ## - PHYSICAL DESCRIPTION | |
| Number of Pages | x, 358 p. |
| 490 1# - SERIES STATEMENT | |
| Series statement | Civil War America |
| 650 #0 - SUBJECT ADDED ENTRY--TOPICAL TERM | |
| Topical Term | Prairie Grove, Battle of, Ark., 1862. |
| 856 40 - ELECTRONIC LOCATION AND ACCESS | |
| Uniform Resource Identifier | http://site.ebrary.com/lib/rucke/Doc?id=10350287 |
No items available.
